La mujer española en el mundo del trabajo : (Record no. 40557)

MARC details
000 -LEADER
campo de control de longitud fija 00772nam a2200241 i 4500
001 - NÚMERO DE CONTROL
campo de control 40557
003 - IDENTIFICADOR DE NÚMERO DE CONTROL
campo de control ES-MaACL
005 - FECHA Y HORA DE LA ÚLTIMA TRANSACCIÓN
campo de control 20250817062548.0
007 - CAMPO FIJO DE DESCRIPCIÓN FÍSICA--INFORMACIÓN GENERAL
campo de control de longitud fija t|
008 - DATOS DE LONGITUD FIJA--INFORMACIÓN GENERAL
campo de control de longitud fija 030306s1980 sp ||||1| spa d
020 ## - NÚMERO INTERNACIONAL ESTÁNDAR DEL LIBRO
Número Internacional Estándar del Libro 84-7075-160-3
080 ## - NÚMERO DE LA CLASIFICACIÓN DECIMAL UNIVERSAL
Número de la Clasificación Decimal Universal 331-055.2(460)"1900/31"
100 1# - ENTRADA PRINCIPAL--NOMBRE DE PERSONA
Nombre de persona Capel Martínez, Rosa María.
9 (RLIN) 34814
245 13 - MENCIÓN DEL TÍTULO
Título La mujer española en el mundo del trabajo :
Resto del título 1900-1930 /
Mención de responsabilidad, etc. Rosa María Capel Martínez.
260 ## - PUBLICACIÓN, DISTRIBUCIÓN, ETC.
Lugar de publicación, distribución, etc. Madrid :
Nombre del editor, distribuidor, etc. Fundación Juan March,
Fecha de publicación, distribución, etc. [1980]
300 ## - DESCRIPCIÓN FÍSICA
Extensión 59 p. ;
Dimensiones 21 cm.
490 1# - MENCIÓN DE SERIE
Mención de serie Serie universitaria ;
Designación de volumen o secuencia 118
650 #4 - PUNTO DE ACCESO ADICIONAL DE MATERIA--TÉRMINO DE MATERIA
Término de materia o nombre geográfico como elemento de entrada Mujeres-
Subdivisión general Trabajo-
Subdivisión geográfica España-
Subdivisión cronológica S.XX.
9 (RLIN) 15321
710 2# - ENTRADA AGREGADA--NOMBRE DE ENTIDAD CORPORATIVA
Nombre de entidad corporativa o nombre de jurisdicción como elemento de entrada Fundación Juan March
9 (RLIN) 4346
830 1# - PUNTO DE ACCESO ADICIONAL DE SERIE-TÍTULO UNIFORME
Título uniforme Serie universitaria ;
Designación de volumen o secuencia 118
9 (RLIN) 180747
852 4# - LOCALIZACIÓN
Ubicación ES-MaACL
Número de control de estantería E-6579
Holdings
Estatus retirado Estado de pérdida Estado de daño No para préstamo Biblioteca de origen Biblioteca actual Ubicación en estantería Fecha de adquisición Fuente de adquisición Total de préstamos Signatura topográfica completa Código de barras Visto por última vez Precio de reemplazo Tipo de ítem Koha
        Biblioteca del Ateneo de Madrid Biblioteca del Ateneo de Madrid Depósito 2 17/01/2008     E-6579 1042699 23/02/2023 23/02/2023 Libro impreso